[Event "StEM 2016"]
[Site "Bochum"]
[Date "2016.11.08"]
[Round "6.10"]
[White "Bock, Oswin"]
[Black "Hoffmann, Klaus"]
[Result "0-1"]
[WhiteElo "1316"]
[BlackElo "1628"]
[PlyCount "36"]
[EventDate "2016.??.??"]
[WhiteTeam "SG HÃ¶ntrop"]
[BlackTeam "SG HÃ¶ntrop"]

1. d4 Nf6 2. c4 e6 3. g3 c5 4. Nf3 cxd4 5. Bg2 Nc6 6. O-O e5 7. a3 Qc7 8. Bg5
Be7 9. Bxf6 Bxf6 10. Nbd2 O-O 11. Ne4 Be7 12. Qc2 f5 13. Ned2 d6 14. b4 e4 15.
Ne1 Be6 16. Qc1 Rac8 17. Qb2 Bf6 18. Rb1 d3 0-1

[Event "StEM 2016"]
[Site "Bochum"]
[Date "2016.11.08"]
[Round "6.11"]
[White "Koch, Guido"]
[Black "Mai, Michael"]
[Result "0-1"]
[WhiteElo "1633"]
[BlackElo "1436"]
[PlyCount "66"]
[EventDate "2016.??.??"]
[WhiteTeam "SV Wattenscheid"]
[BlackTeam "SV GÃ¼nnigfeld"]

1. e4 c5 2. Nf3 d6 3. Nc3 Nf6 4. d4 cxd4 5. Nxd4 Nc6 6. g3 Bd7 7. Bg2 Rb8 8.
O-O g6 9. h3 Bg7 10. Nde2 O-O 11. Kh2 Qa5 12. Nf4 Ne8 13. Ncd5 e6 14. Bd2 Qd8
15. Nc3 Ne5 16. Nfe2 Nc4 17. Bc1 Qe7 18. h4 h5 19. f4 Nf6 20. b3 Ng4+ 21. Kg1
Nce3 22. Bxe3 Nxe3 23. Qd3 Nxf1 24. Rxf1 Bc6 25. Nd4 Bxd4+ 26. Qxd4 a6 27. f5
exf5 28. exf5 Bxg2 29. Kxg2 Qe5 30. Qd2 Kh7 31. f6 Rbc8 32. Nd5 Qe4+ 33. Kh3
Rxc2 0-1

[Event "StEM 2016"]
[Site "Bochum"]
[Date "2016.11.15"]
[Round "7.1"]
[White "Hahn, Matthias"]
[Black "Quast, Marcel"]
[Result "1/2-1/2"]
[WhiteElo "2041"]
[BlackElo "2230"]
[PlyCount "60"]
[EventDate "2016.??.??"]
[WhiteTeam "SV Bochum-Linden"]
[BlackTeam "SC Gerthe - Werne"]

1. e4 e5 2. Nf3 d6 3. d4 exd4 4. Nxd4 Nf6 5. Nc3 Be7 6. g3 Nc6 7. Nxc6 bxc6 8.
Bg2 O-O 9. O-O Bg4 10. Qd2 Qc8 11. b3 Bh3 12. Bb2 Bxg2 13. Kxg2 Nd7 14. Rfe1
Bf6 15. f4 Re8 16. e5 dxe5 17. Ne4 exf4 18. Bxf6 f3+ 19. Kxf3 Nxf6 20. Nxf6+
gxf6 21. Rxe8+ Qxe8 22. Re1 Qd8 23. Rd1 Qe7 24. Re1 Qc5 25. Re4 Qh5+ 26. Kg2
Qf5 27. Qd4 c5 28. Qd3 Qg6 29. h3 h5 30. Kh2 Kg7 1/2-1/2

[Event "StEM 2016"]
[Site "Bochum"]
[Date "2016.11.15"]
[Round "7.2"]
[White "Schmidt, Ralph"]
[Black "Wolf, Ulrich"]
[Result "1-0"]
[WhiteElo "1917"]
[BlackElo "2045"]
[PlyCount "95"]
[EventDate "2016.??.??"]
[WhiteTeam "SV Bochum-Linden"]
[BlackTeam "SV Wattenscheid"]

1. e4 c5 2. Nc3 Nc6 3. d3 d6 4. Be3 Nf6 5. Nf3 e5 6. Be2 Be7 7. O-O O-O 8. Qe1
Rb8 9. a3 b5 10. Nd5 Be6 11. Nxe7+ Qxe7 12. Ng5 Nd4 13. Bd1 Rfc8 14. f4 Bd7 15.
Qh4 h6 16. fxe5 dxe5 17. c3 Nc6 18. b4 cxb4 19. Bb3 Be8 20. Rf3 Nh7 21. Rxf7
Bxf7 22. Nxf7 Qxh4 23. Nxe5+ Kf8 24. Ng6+ Ke8 25. Nxh4 bxc3 26. Be6 Rd8 27. Rf1
Nf6 28. Nf5 Rb7 29. d4 g6 30. e5 Nd5 31. Bxd5 Rxd5 32. Nd6+ Rxd6 33. exd6 Rf7
34. Rc1 Kd7 35. Rxc3 g5 36. d5 Nd8 37. Bxa7 Kxd6 38. Bb6 Rd7 39. Rc5 Nf7 40.
Rxb5 Ne5 41. a4 Nc4 42. a5 Ke5 43. a6 Nxb6 44. Rxb6 h5 45. Rb5 g4 46. Ra5 Ra7
47. Kf2 h4 48. Ke3 1-0

[Event "StEM 2016"]
[Site "Bochum"]
[Date "2016.11.15"]
[Round "7.3"]
[White "Lang, Daniel"]
[Black "Finke, Dominik"]
[Result "1-0"]
[WhiteElo "1992"]
[BlackElo "1828"]
[PlyCount "71"]
[EventDate "2016.??.??"]
[WhiteTeam "SV Wattenscheid"]
[BlackTeam "SG Bochum"]

1. d4 Nf6 2. g3 e6 3. Bg2 d5 4. Nf3 c5 5. c3 Nc6 6. O-O Bd6 7. c4 O-O 8. cxd5
exd5 9. Nc3 c4 10. Re1 h6 11. Be3 Re8 12. Qc1 Kh7 13. Bf4 a6 14. Qc2+ g6 15.
Qc1 Bf8 16. Ne5 Be6 17. Qd2 Rc8 18. Rad1 b5 19. a3 Na5 20. e4 Nb3 21. Qc2 dxe4
22. d5 Bf5 23. Qe2 Kg8 24. Nxe4 Bxe4 25. Bxe4 Nxe4 26. Qxe4 Nc5 27. Qf3 Qf6 28.
d6 Bxd6 29. Ng4 Rxe1+ 30. Rxe1 Qd4 31. Nxh6+ Kg7 32. Qg4 Qf6 33. Bxd6 Kxh6 34.
Qxc8 Qxd6 35. Qh8+ Kg5 36. Qe5+ 1-0

[Event "StEM 2016"]
[Site "Bochum"]
[Date "2016.11.15"]
[Round "7.4"]
[White "KlÃ¼ting, Reiner"]
[Black "Freisen, Thomas"]
[Result "1/2-1/2"]
[WhiteElo "1866"]
[BlackElo "1934"]
[PlyCount "39"]
[EventDate "2016.??.??"]
[WhiteTeam "SV Wattenscheid"]
[BlackTeam "SV GÃ¼nnigfeld"]

1. e4 e5 2. Nc3 Nf6 3. Bc4 Nxe4 4. Qh5 Nd6 5. Qxe5+ Qe7 6. Qxe7+ Bxe7 7. Bb3
Nf5 8. Nf3 c6 9. O-O d5 10. d4 O-O 11. Bf4 Bd6 12. Bxd6 Nxd6 13. Rfe1 Na6 14.
Ne5 Nc7 15. Ne2 Bf5 16. Ng3 f6 17. Nxf5 Nxf5 18. Nf3 Rfe8 19. c3 Nd6 20. Nd2
1/2-1/2

[Event "StEM 2016"]
[Site "Bochum"]
[Date "2016.11.15"]
[Round "7.6"]
[White "Funke, Eckhard"]
[Black "Boxberg, Marc"]
[Result "1-0"]
[WhiteElo "1815"]
[BlackElo "1536"]
[PlyCount "96"]
[EventDate "2016.??.??"]
[WhiteTeam "SV GÃ¼nnigfeld"]
[BlackTeam "SVG Marten-BÃ¶vinghausen"]

1. Nf3 Nf6 2. d4 g6 3. c4 Bg7 4. Nc3 O-O 5. e4 d6 6. h3 e5 7. d5 Na6 8. Bg5 c6
9. Be2 cxd5 10. cxd5 Nc5 11. b4 Ncd7 12. O-O h6 13. Be3 b6 14. Qd2 Kh7 15. Rfc1
a6 16. Bd3 Bb7 17. Rc2 Qe7 18. Na4 b5 19. Nb2 Rfc8 20. a4 bxa4 21. Nxa4 Qd8 22.
Rxc8 Bxc8 23. Qe2 Qc7 24. Rb1 Ne8 25. Nd2 Qb7 26. Nc4 Bf8 27. Nab6 Rb8 28. Na5
Qc7 29. Rc1 Qxc1+ 30. Bxc1 Rxb6 31. Nc6 Bb7 32. Be3 Rxc6 33. dxc6 Bxc6 34. f3
d5 35. exd5 Bxd5 36. Bxa6 Nc7 37. Bc4 Bxb4 38. Bxd5 Nxd5 39. Qc4 N7f6 40. Bc1
Bc3 41. Qh4 Bd4+ 42. Kh2 h5 43. g4 Kg7 44. g5 Ne8 45. Qe4 Nc3 46. Qc6 Kf8 47.
Ba3+ Kg7 48. Qxe8 Kh7 1-0

[Event "StEM 2016"]
[Site "Bochum"]
[Date "2016.11.15"]
[Round "7.7"]
[White "Hoffmann, Klaus"]
[Black "Hoffmann, Michael"]
[Result "1/2-1/2"]
[WhiteElo "1628"]
[BlackElo "1513"]
[PlyCount "51"]
[EventDate "2016.??.??"]
[WhiteTeam "SG HÃ¶ntrop"]
[BlackTeam "SC an der Uni Bochum"]

1. e4 c6 2. Nc3 d5 3. d4 dxe4 4. Nxe4 Bf5 5. Ng3 Bg6 6. Nf3 Nd7 7. Be3 Ngf6 8.
Bc4 e6 9. Bb3 Be7 10. O-O O-O 11. Qe2 Qc7 12. Rad1 c5 13. Nh4 Nb6 14. Nxg6 hxg6
15. c4 Rfd8 16. dxc5 Bxc5 17. Bxc5 Qxc5 18. Ne4 Nxe4 19. Qxe4 Qc7 20. a4 Nd7
21. Bc2 Nc5 22. Qg4 Qe5 23. b3 Qc3 24. Qg5 Rxd1 25. Rxd1 Qxc2 26. Rd8+ 1/2-1/2

[Event "StEM 2016"]
[Site "Bochum"]
[Date "2016.11.15"]
[Round "7.8"]
[White "Benning, Martin"]
[Black "Gausmann, Thomas"]
[Result "1/2-1/2"]
[WhiteElo "1556"]
[BlackElo "1455"]
[PlyCount "35"]
[EventDate "2016.??.??"]
[WhiteTeam "SG Bochum"]
[BlackTeam "SG Bochum"]

1. e4 e5 2. f4 exf4 3. Qf3 Qh4+ 4. g3 fxg3 5. hxg3 Qf6 6. Nc3 Qxf3 7. Nxf3 Nc6
8. Bc4 Bb4 9. Ng5 Nh6 10. Rxh6 gxh6 11. Nxf7 Rg8 12. Nxh6 Rxg3 13. Nd5 Ba5 14.
Nf6+ Kd8 15. c3 Ne5 16. Bb3 Nd3+ 17. Ke2 Rh3 18. Nf7+ 1/2-1/2

[Event "StEM 2016"]
[Site "Bochum"]
[Date "2016.11.15"]
[Round "7.9"]
[White "Mai, Michael"]
[Black "Bauer, Matthias"]
[Result "1/2-1/2"]
[WhiteElo "1436"]
[BlackElo "1620"]
[PlyCount "61"]
[EventDate "2016.??.??"]
[WhiteTeam "SV GÃ¼nnigfeld"]
[BlackTeam "SV GÃ¼nnigfeld"]

1. d4 d5 2. c4 c6 3. Nc3 Nf6 4. cxd5 cxd5 5. Nf3 Nc6 6. e3 Bg4 7. Be2 e6 8. O-O
a6 9. h3 Bh5 10. Nh2 Bg6 11. Ng4 Nxg4 12. Bxg4 Bd6 13. Be2 Bc7 14. Bd3 Qd6 15.
f4 Nb4 16. Bxg6 hxg6 17. Qe2 f5 18. a3 Nc6 19. Qf3 Kd7 20. Bd2 Qe7 21. Rac1 Rh6
22. Kf2 Rah8 23. Ke2 Nd8 24. Na4 Ke8 25. Bb4 Bd6 26. Bxd6 Qxd6 27. Rc2 Nc6 28.
Rfc1 Kf7 29. Nc5 Rb8 30. Nd3 Kg8 31. Ne5 1/2-1/2

[Event "StEM 2016"]
[Site "Bochum"]
[Date "2016.11.15"]
[Round "7.10"]
[White "Koch, Guido"]
[Black "Tolksdorf, JÃ¼rgen"]
[Result "0-1"]
[WhiteElo "1633"]
[BlackElo "1477"]
[PlyCount "50"]
[EventDate "2016.??.??"]
[WhiteTeam "SV Wattenscheid"]
[BlackTeam "SG HÃ¶ntrop"]

1. e4 b6 2. d4 e6 3. Bd3 Bb7 4. Nd2 Nf6 5. Ne2 Nc6 6. c3 d5 7. e5 Nd7 8. O-O
Be7 9. f4 Nf8 10. f5 Qd7 11. fxe6 fxe6 12. Nf4 O-O-O 13. Qg4 g6 14. Nf3 h5 15.
Nxh5 Rxh5 16. Bxg6 Nxg6 17. Qxh5 Rg8 18. Qh7 Qe8 19. Ng5 Ba6 20. Rf2 Bd3 21.
Qh3 Bxg5 22. Qxd3 Bxc1 23. Rxc1 Nce7 24. Rcf1 Nf5 25. Qd1 Ne3 0-1

[Event "StEM 2016"]
[Site "Bochum"]
[Date "2016.11.15"]
[Round "7.11"]
[White "Bender, Markus"]
[Black "Bock, Oswin"]
[Result "1-0"]
[WhiteElo "1831"]
[BlackElo "1316"]
[PlyCount "71"]
[EventDate "2016.??.??"]
[WhiteTeam "SV GÃ¼nnigfeld"]
[BlackTeam "SG HÃ¶ntrop"]

1. d4 Nf6 2. Nc3 e6 3. e4 Bb4 4. Bg5 Be7 5. Qd2 d6 6. f4 Ng8 7. Bxe7 Nxe7 8.
Nf3 Nd7 9. e5 Nf5 10. Qf2 a6 11. Bd3 O-O 12. g4 Ne7 13. Bxh7+ Kxh7 14. Qh4+ Kg8
15. Ng5 Re8 16. Nce4 Ng6 17. Qh7+ Kf8 18. O-O d5 19. Ng3 Nxf4 20. Nxf7 Kxf7 21.
Rxf4+ Nf6 22. Rxf6+ Qxf6 23. exf6 Kxf6 24. Rf1+ Ke7 25. Qxg7+ Kd6 26. Qe5+ Kc6
27. c4 Rd8 28. Rf7 Rd7 29. cxd5+ Kb6 30. Qxe6+ Rd6 31. Qe4 Rd7 32. Rf6+ Ka7 33.
Nf5 b6 34. Ne7 a5 35. Qe6 Rxe7 36. Qxe7 1-0